|
|
|
|
| LEADER |
00938nam a2200265 a 4500 |
| 001 |
c000019887 |
| 003 |
CARM |
| 005 |
00000000000000.0 |
| 008 |
s1954 enka b 00000 eng d |
| 010 |
|
|
|a a 55003483
|
| 019 |
1 |
|
|a 8331888
|z 42756182
|z 8321076
|5 LACONCORD2021
|
| 035 |
|
|
|a (OCoLC)2187683
|5 LACONCORD2021
|
| 050 |
0 |
0 |
|a PA3001
|b .P4
|
| 100 |
1 |
|
|a Platnauer, Maurice.
|e ed.
|
| 245 |
1 |
0 |
|a Fifty years of classical scholarship.
|
| 260 |
|
|
|a Oxford,
|b B. Blackwell,
|c 1954.
|
| 300 |
|
|
|a xiii, 431 p.
|b illus.
|c 23 cm.
|
| 504 |
|
|
|a Includes bibliographies.
|
| 650 |
|
0 |
|a Classical literature
|x History and criticism.
|
| 650 |
|
0 |
|a Authors, Greek.
|
| 650 |
|
0 |
|a Authors, Latin.
|
| 852 |
8 |
|
|b CARM
|h A2:AF01B0
|i B01058
|p 0055937
|f BK
|
| 082 |
0 |
4 |
|a 880.9
|
| 999 |
f |
f |
|i 88aa9993-d340-5637-a34f-aac0ad0ecd13
|s 940f90c4-6256-5c64-a255-b856e4fa2caf
|
| 952 |
f |
f |
|p Can circulate
|a CAVAL
|b CAVAL
|c CAVAL
|d CARM 1 Store
|e B01058
|f A2:AF01B0
|h Other scheme
|i book
|m 0055937
|